|
|
|
|
| LEADER |
00000nam0a2200000 4500 |
| 001 |
155009 |
| 005 |
20260225071558.0 |
| 010 |
|
|
|a 9785858241775
|
| 035 |
|
|
|a (RuTPU)RU\TPU\book\168126
|
| 090 |
|
|
|a 155009
|
| 100 |
|
|
|a 20090310d2008 km y0rusy50 ca
|
| 101 |
0 |
|
|a rus
|
| 102 |
|
|
|a RU
|
| 105 |
|
|
|a a z 001zy
|
| 200 |
1 |
|
|a Две России XX века: обзор истории 1917-1993
|f Б. С. Пушкарев [и др.]
|
| 210 |
|
|
|a Москва
|c Посев
|d 2008
|
| 215 |
|
|
|a 592 с.
|c ил.
|
| 320 |
|
|
|a Библиогр. в примеч.
|
| 320 |
|
|
|a Указатель имен: с. 563-589.
|
| 330 |
|
|
|a История России при советской власти и история сопротивления советской власти. С Введением, излагающим предпосылки крушения исторической России, и Заключением, где кратко отмечены события и тенденции послесоветского времени. Содержит хронологическую таблицу и указатель имен с биографическими данными. Для курсов по истории России в высших учебных заведениях, для преподавателей в старших классах средних школ, для работников молодежных организаций и всех, кому важна отечественная история.
|
| 606 |
|
|
|7 ca
|8 rus
|a Россия
|x История
|z 20 в. - ...
|9 83439
|
| 610 |
1 |
|
|a СССР
|
| 610 |
1 |
|
|a реформы
|
| 610 |
1 |
|
|a революции
|
| 610 |
1 |
|
|a думская монархия
|
| 610 |
1 |
|
|a Октябрьская революция 1917
|
| 610 |
1 |
|
|a Совнаркомы
|
| 610 |
1 |
|
|a белое движение
|
| 610 |
1 |
|
|a военный коммунизм
|
| 610 |
1 |
|
|a культурная революция
|
| 610 |
1 |
|
|a НЭП
|
| 610 |
1 |
|
|a коллективизация
|
| 610 |
1 |
|
|a индустриализация
|
| 610 |
1 |
|
|a внешняя политика
|
| 610 |
1 |
|
|a Гулаг
|
| 610 |
1 |
|
|a Вторая мировая война 1939-1945
|
| 610 |
1 |
|
|a сталинизм
|
| 610 |
1 |
|
|a оттепель
|
| 610 |
1 |
|
|a застой
|
| 610 |
1 |
|
|a Советская власть
|
| 610 |
1 |
|
|a перестройка
|
| 610 |
1 |
|
|a политический кризис
|
| 610 |
1 |
|
|a распад
|
| 610 |
1 |
|
|a экономические реформы
|
| 610 |
1 |
|
|a приватизация
|
| 610 |
1 |
|
|a Конституция 1993
|
| 610 |
1 |
|
|a Российская Федерация
|
| 610 |
1 |
|
|a уровень жизни
|
| 610 |
1 |
|
|a народонаселение
|
| 686 |
|
|
|a Т3(2)6
|2 rubbk
|
| 701 |
|
1 |
|a Пушкарев
|b Б. С.
|g Борис Сергеевич
|
| 701 |
|
1 |
|a Александров
|b К. М.
|g Кирилл Михайлович
|
| 701 |
|
1 |
|a Балмасов
|b С. С.
|g Сергей Станиславович
|
| 701 |
|
1 |
|a Долинин
|b В. Э.
|g Вячеслав Эмануилович
|
| 701 |
|
1 |
|a Цветков
|b В. Ж.
|g Василий Жанович
|
| 701 |
|
1 |
|a Цурганов
|b Ю. С.
|g Юрий Станиславович
|
| 701 |
|
1 |
|a Штамм
|b А. Ю.
|g Александр Юрьевич
|
| 801 |
|
1 |
|a RU
|b 63413507
|c 20090310
|g PSBO
|
| 801 |
|
2 |
|a RU
|b 63413507
|c 20150428
|g PSBO
|
| 942 |
|
|
|c BK
|